The Loft Film Trivia - Statistics

General Stats
  • This quiz has been taken 5 times
  • The average score is 7 of 12
Answer Stats
Hint Answer % Correct
How many women did Chris sleep with in the loft? 1
80%
Which character is a Doctor? Chris
80%
How are Philip and Chris related? Half Brothers
80%
Who actually caused Sarah's death? Philip
80%
What year was the film released? 2015
60%
What was Philip doing when he got caught in Chris' bathroom? Snorting Cocaine
60%
Which character suggested the Loft? Vincent
60%
Which of the group to 4 of the 5 men frame as guilty? Vincent
60%
Who starred as Marty? Eric Stonestreet
40%
Who attempted at Murdering Sarah? Luke
40%
Which of the 5 men died in the end? Luke
40%
Who did Chris give his Loft Key to? Ann
20%
No matching quizzes found
Score Distribution
Percent of People with Each Score
Percentile by Number Answered
Your Score History
You have not taken this quiz